[Event "Veletrzni turnaj 2018"]
[Site "Střední škola informatiky, "]
[Date "2018.08.27"]
[Round "3.21"]
[White "Neduchal, Jiri"]
[Black "Macurek, Miloslav"]
[Result "1/2-1/2"]
[WhiteElo "1770"]
[BlackElo "1850"]
[PlyCount "77"]
[EventDate "2018.08.26"]

1. d4 Nf6 2. Nf3 g6 3. e3 Bg7 4. Bd3 O-O 5. O-O d6 6. Nbd2 Nbd7 7. e4 e5 8.
dxe5 Nxe5 9. Nxe5 dxe5 10. Nf3 Qe7 11. b3 Rd8 12. Qe2 Nh5 13. Bc4 Be6 14. Bxe6
Qxe6 15. Bg5 f6 16. Be3 Qc6 17. g4 Nf4 18. Bxf4 exf4 19. Rad1 Re8 20. Rd4 f5
21. Rc4 Rxe4 22. Rxc6 Rxe2 23. Rxc7 fxg4 24. Ne1 b6 25. Nd3 g5 26. Kg2 Rae8 27.
a4 R8e7 28. Rxe7 Rxe7 29. Re1 Rxe1 30. Nxe1 a5 31. f3 Bc3 32. Nd3 h5 33. fxg4
hxg4 34. Nf2 Kf7 35. Nxg4 Kg6 36. Nf2 Kf5 37. h3 Be1 38. Nd3 Bc3 39. Kf3
1/2-1/2

[Event "Veletrzni turnaj 2018"]
[Site "Střední škola informatiky, "]
[Date "2018.08.27"]
[Round "3.22"]
[White "Glozar, Petr"]
[Black "Zikan, Karel"]
[Result "1/2-1/2"]
[WhiteElo "1831"]
[BlackElo "1712"]
[PlyCount "45"]
[EventDate "2018.08.26"]

1. d4 Nf6 2. c4 e6 3. Nc3 d5 4. cxd5 exd5 5. Bg5 Be7 6. e3 Bf5 7. Qb3 Qc8 8.
Bxf6 Bxf6 9. Nxd5 Bd8 10. Nf4 O-O 11. Bd3 Bd7 12. Nge2 Nc6 13. O-O g5 14. Nh5
Be7 15. f4 h6 16. fxg5 Bxg5 17. Nef4 Na5 18. Qc3 b6 19. d5 f6 20. Ng6 Rf7 21.
Nxf6+ Bxf6 22. Rxf6 Qe8 23. Rxf7 1/2-1/2

[Event "Veletrzni turnaj 2018"]
[Site "Střední škola informatiky, "]
[Date "2018.08.27"]
[Round "3.23"]
[White "Rychtecky, Pavel"]
[Black "Wunsch, Radek"]
[Result "0-1"]
[WhiteElo "1522"]
[BlackElo "1827"]
[PlyCount "72"]
[EventDate "2018.08.26"]

1. e4 Nc6 2. d4 e5 3. Nf3 exd4 4. Bc4 Nf6 5. Nxd4 Nxe4 6. Nxc6 bxc6 7. Qf3 d5
8. Bd3 Nc5 9. O-O Nxd3 10. Qxd3 Bd6 11. Re1+ Be6 12. Nd2 O-O 13. Nf3 Qf6 14.
Bg5 Qxb2 15. Reb1 Qa3 16. Rb3 Qa4 17. Bd2 Qe4 18. Re1 Qxd3 19. Rxd3 Bf5 20. Rd4
Rab8 21. Ra4 Bxc2 22. Rxa7 c5 23. Rc1 Be4 24. a4 Bxf3 25. gxf3 Ra8 26. Rxa8
Rxa8 27. Ra1 d4 28. a5 c4 29. Ra2 c3 30. Be1 f6 31. a6 Kf7 32. Kf1 Bxh2 33. Ke2
Ke6 34. Kd3 Kd5 35. Ra5+ c5 36. a7 h5 0-1

[Event "Veletrzni turnaj 2018"]
[Site "Střední škola informatiky, "]
[Date "2018.08.27"]
[Round "3.24"]
[White "Prokop, Martin"]
[Black "Pelikan, Jaromir"]
[Result "1/2-1/2"]
[WhiteElo "1416"]
[BlackElo "1813"]
[PlyCount "61"]
[EventDate "2018.08.26"]

1. e4 c6 2. Nc3 d5 3. Nf3 Bg4 4. h3 Bxf3 5. Qxf3 e6 6. d3 Nd7 7. Be2 Ngf6 8.
Qg3 dxe4 9. dxe4 Qa5 10. O-O g6 11. Qf3 Bg7 12. Bd2 Qc7 13. Bf4 e5 14. Bg5 O-O
15. Rad1 b5 16. a3 h6 17. Bh4 a6 18. Rd2 g5 19. Bg3 Nc5 20. Rfd1 Ne6 21. Qf5
Nf4 22. Bxf4 gxf4 23. Rd6 Nh7 24. Rd7 Qb8 25. Bh5 Nf6 26. R7d6 Nxh5 27. Qxh5
Qc7 28. Rd7 Qa5 29. R1d6 Rac8 30. Qf5 b4 31. Rxf7 1/2-1/2

[Event "Veletrzni turnaj 2018"]
[Site "Střední škola informatiky, "]
[Date "2018.08.27"]
[Round "3.25"]
[White "Volak, Simon"]
[Black "Bata, Jiri"]
[Result "1-0"]
[WhiteElo "1803"]
[BlackElo "1620"]
[PlyCount "45"]
[EventDate "2018.08.26"]

1. c4 e5 2. Nc3 Nf6 3. g3 c6 4. d4 exd4 5. Qxd4 Be7 6. e4 d6 7. Bg2 Nbd7 8. Nf3
Qc7 9. O-O Ne5 10. Bf4 Nxf3+ 11. Bxf3 O-O 12. c5 Rd8 13. cxd6 Qd7 14. e5 Ne8
15. Rad1 Bf8 16. Rfe1 Qe6 17. Ne4 b6 18. Ng5 Qd7 19. e6 fxe6 20. Nxe6 Bb7 21.
Nxd8 Rxd8 22. Bg5 c5 23. Qc4+ 1-0

[Event "Veletrzni turnaj 2018"]
[Site "Střední škola informatiky, "]
[Date "2018.08.27"]
[Round "3.26"]
[White "Vavrinkova, Eliska"]
[Black "Vavrinkova, Marie"]
[Result "1-0"]
[WhiteElo "1783"]
[BlackElo "1228"]
[PlyCount "53"]
[EventDate "2018.08.26"]

1. d4 d5 2. Nf3 Nf6 3. c4 c6 4. Nc3 Bf5 5. cxd5 cxd5 6. Qb3 Qd7 7. Ne5 Qc8 8.
Nxd5 Be6 9. Qa4+ Nbd7 10. Nc3 g6 11. e3 Bg7 12. Bb5 O-O 13. Nxd7 Nxd7 14. O-O
Nb6 15. Qc2 a6 16. Bd3 Qc7 17. Bd2 Rac8 18. Rac1 Rfd8 19. a4 a5 20. Qb1 Qd7 21.
Bb5 Qd6 22. Ne4 Rxc1 23. Rxc1 Qd5 24. Rc5 Qb3 25. Bxa5 Nd7 26. Bxd8 Nxc5 27.
Nxc5 1-0

[Event "Veletrzni turnaj 2018"]
[Site "Střední škola informatiky, "]
[Date "2018.08.27"]
[Round "3.27"]
[White "Zejda, Karel"]
[Black "Mares, Jaroslav"]
[Result "0-1"]
[WhiteElo "1647"]
[BlackElo "2029"]
[PlyCount "20"]
[EventDate "2018.08.26"]

1. d4 d5 2. Nf3 Nf6 3. Bg5 Ne4 4. Bh4 Bg4 5. Nbd2 Nd6 6. h3 Bf5 7. c3 Nd7 8. e3
h6 9. Bg3 e6 10. Be2 Nf6 0-1

[Event "Veletrzni turnaj 2018"]
[Site "Střední škola informatiky, "]
[Date "2018.08.27"]
[Round "3.28"]
[White "Doskar, Miloslav"]
[Black "Lisik, Miroslav"]
[Result "1-0"]
[WhiteElo "1632"]
[BlackElo "1667"]
[PlyCount "45"]
[EventDate "2018.08.26"]

1. Nf3 Nf6 2. g3 g6 3. Bg2 c5 4. c4 Bg7 5. Nc3 Nc6 6. O-O O-O 7. e3 a6 8. d4
cxd4 9. exd4 d5 10. b3 e6 11. Be3 Bd7 12. Rc1 Rc8 13. cxd5 exd5 14. h3 Bf5 15.
Bg5 Qa5 16. g4 Be4 17. Be3 Nb4 18. Qd2 Nc6 19. g5 Ne8 20. Nxe4 dxe4 21. Qxa5
Nxa5 22. Rxc8 exf3 23. Bxf3 1-0

[Event "Veletrzni turnaj 2018"]
[Site "Střední škola informatiky, "]
[Date "2018.08.27"]
[Round "3.29"]
[White "Koci, Milos"]
[Black "Veznik, Michael"]
[Result "0-1"]
[WhiteElo "1395"]
[BlackElo "1857"]
[PlyCount "94"]
[EventDate "2018.08.26"]

1. d4 b6 2. Bf4 Bb7 3. e3 e6 4. Nf3 c5 5. c3 a6 6. Nbd2 d5 7. Be2 Nd7 8. O-O
Ngf6 9. Qc2 Rc8 10. Qd1 Be7 11. a3 O-O 12. h3 Ne8 13. Ne5 Nxe5 14. Bxe5 f6 15.
Bg3 Bd6 16. Bxd6 Qxd6 17. Nf3 e5 18. Rc1 c4 19. Nh4 g6 20. Nf3 e4 21. Nh2 f5
22. Qd2 Ng7 23. f4 g5 24. g3 Qh6 25. Qd1 Qxh3 26. Qe1 Ne6 27. Kh1 Rc7 28. Rg1
g4 29. Qf1 Qh5 30. Rc2 Bc6 31. Bd1 Ba4 32. Rd2 Qe8 33. Qe2 h5 34. Rg2 Rh7 35.
Kg1 Kf7 36. Nf1 Rfh8 37. Bxa4 Qxa4 38. Rh2 h4 39. Rxh4 Rxh4 40. gxh4 Rxh4 41.
Ng3 Ng7 42. Qf2 Rh3 43. Kg2 Ke6 44. Qe1 Qe8 45. Qg1 Nh5 46. Nxh5 Qxh5 47. Kf2
g3+ 0-1

[Event "Veletrzni turnaj 2018"]
[Site "Střední škola informatiky, "]
[Date "2018.08.27"]
[Round "3.30"]
[White "Ulcak, Michael"]
[Black "Vachek, Jiri"]
[Result "1-0"]
[WhiteElo "1404"]
[BlackElo "1839"]
[PlyCount "61"]
[EventDate "2018.08.26"]

1. e4 e6 2. d4 d5 3. e5 c5 4. c3 Nc6 5. Nf3 Nge7 6. Bd3 h6 7. Be3 c4 8. Bc2 Nf5
9. Nbd2 Nxe3 10. fxe3 Be7 11. Qe2 b5 12. Nf1 a5 13. a3 Ra7 14. Ng3 g6 15. O-O
O-O 16. e4 Kg7 17. Bb1 Bh4 18. Nxh4 Qxh4 19. exd5 exd5 20. Rf6 Nxd4 21. cxd4
Qxd4+ 22. Kh1 Re7 23. Qc2 Qd3 24. Qc1 Qd4 25. Nh5+ Kg8 26. Bxg6 fxg6 27. Rxg6+
Kf7 28. Qxh6 Qxe5 29. Rf1+ Ke8 30. Qxf8+ Kd7 31. Nf6+ 1-0

[Event "Veletrzni turnaj 2018"]
[Site "Střední škola informatiky, "]
[Date "2018.08.27"]
[Round "3.32"]
[White "Kacalek, Tomas"]
[Black "Dumek, Ales"]
[Result "1-0"]
[WhiteElo "1538"]
[BlackElo "1312"]
[PlyCount "65"]
[EventDate "2018.08.26"]

1. e4 c5 2. Nf3 Nc6 3. Nc3 d6 4. b3 a6 5. Bb2 e6 6. d4 Nf6 7. Be2 Be7 8. O-O
O-O 9. Kh1 b5 10. d5 Nd4 11. Nxd4 cxd4 12. Qxd4 e5 13. Qd2 b4 14. Na4 a5 15.
Bf3 Bg4 16. Rg1 Bd7 17. a3 Bxa4 18. bxa4 Rb8 19. axb4 axb4 20. a5 b3 21. Rgb1
Nd7 22. cxb3 Nc5 23. b4 Nb3 24. Qe1 Nxa1 25. Bxa1 Qd7 26. Be2 f5 27. b5 fxe4
28. b6 Qa4 29. Bb5 Qc2 30. Bc6 e3 31. fxe3 Rf2 32. Qg1 Bg5 33. a6 1-0

[Event "Veletrzni turnaj 2018"]
[Site "Střední škola informatiky, "]
[Date "2018.08.27"]
[Round "3.34"]
[White "Vavrinkova, Anna"]
[Black "Svoboda, Daniel"]
[Result "1-0"]
[WhiteElo "1456"]
[BlackElo "1278"]
[PlyCount "49"]
[EventDate "2018.08.26"]

1. e4 c5 2. Nf3 d6 3. c3 Nf6 4. Bb5+ Bd7 5. Bxd7+ Qxd7 6. d3 Nc6 7. O-O e6 8.
Re1 Be7 9. d4 cxd4 10. cxd4 O-O 11. Nc3 Qc7 12. Bf4 Nh5 13. Be3 Nf6 14. Rc1
Rfd8 15. Qb3 Na5 16. Qa4 Nc6 17. d5 Nb8 18. dxe6 fxe6 19. Nd5 Qd7 20. Qxd7 Rxd7
21. Nc7 Nxe4 22. Nxa8 Nc6 23. Bxa7 Nxa7 24. Rxe4 Kf7 25. Nb6 1-0

[Event "Veletrzni turnaj 2018"]
[Site "Střední škola informatiky, "]
[Date "2018.08.27"]
[Round "3.35"]
[White "Vaculik, Martin"]
[Black "Ivanov, Alexandr"]
[Result "1-0"]
[WhiteElo "1410"]
[BlackElo "1016"]
[PlyCount "33"]
[EventDate "2018.08.26"]

1. d4 d5 2. c4 e6 3. Nc3 Nc6 4. Nf3 Bb4 5. e3 Nf6 6. Bd3 O-O 7. O-O Re8 8. Qc2
g6 9. cxd5 exd5 10. a3 Bxc3 11. bxc3 Ne4 12. Rb1 b6 13. c4 Bf5 14. Nd2 Rb8 15.
f3 Qh4 16. fxe4 dxe4 17. Be2 1-0

[Event "Veletrzni turnaj 2018"]
[Site "Střední škola informatiky,"]
[Date "2018.08.28"]
[Round "4.1"]
[White "Popper, Tomas"]
[Black "Bullen, Alex"]
[Result "1-0"]
[WhiteElo "2025"]
[BlackElo "2120"]
[PlyCount "137"]
[EventDate "2018.08.26"]
[SourceDate "2018.08.29"]

1. Nf3 d5 2. b3 Bg4 3. Bb2 Nd7 4. d4 Ngf6 5. e3 e6 6. Be2 c5 7. Nbd2 Bd6 8. h3
Bh5 9. Ne5 Bg6 10. Nxg6 hxg6 11. c4 cxd4 12. exd4 dxc4 13. bxc4 Bb4 14. O-O Nh5
15. a3 Ba5 16. Ne4 Bc7 17. d5 Nf4 18. dxe6 Nxe6 19. Nd6+ Kf8 20. Bg4 Ndc5 21.
Nb5 Qe7 22. Nxc7 Qxc7 23. Qe2 Nf4 24. Qe5 Qxe5 25. Bxe5 Nce6 26. Rad1 Ke7 27.
Bxf4 Nxf4 28. Rd7+ Kf6 29. Rxb7 Ne6 30. f4 Nd8 31. Rd7 Re8 32. Rd6+ Ke7 33.
Rd7+ Kf6 34. f5 gxf5 35. Bxf5 Kg5 36. Bg4 a6 37. Bf3 Rc8 38. Bd5 Kg6 39. Rfxf7
Nxf7 40. Bxf7+ Kh7 41. Bxe8 Rxe8 42. Rd6 Rc8 43. Rd4 Rc5 44. Kf2 Kg6 45. Ke3
Kf5 46. Rd5+ Rxd5 47. cxd5 Ke5 48. d6 Kxd6 49. Kd4 Ke6 50. Kc5 Kf5 51. Kb6 Kf4
52. Kxa6 Kg3 53. Kb5 Kxg2 54. a4 g5 55. a5 Kxh3 56. a6 g4 57. a7 g3 58. a8=Q g2
59. Qf3+ Kh2 60. Qf2 Kh1 61. Qh4+ Kg1 62. Kc4 Kf1 63. Qf4+ Ke2 64. Qg3 Kf1 65.
Qf3+ Kg1 66. Kd3 Kh2 67. Qh5+ Kg1 68. Ke3 Kf1 69. Qd1# 1-0

[Event "Veletrzni turnaj 2018"]
[Site "Střední škola informatiky,"]
[Date "2018.08.28"]
[Round "4.2"]
[White "Habina, Martin"]
[Black "Jires, Jiri"]
[Result "0-1"]
[WhiteElo "2002"]
[BlackElo "2029"]
[PlyCount "66"]
[EventDate "2018.08.26"]
[SourceDate "2018.08.29"]

1. e4 e5 2. f4 exf4 3. Nf3 Nf6 4. e5 Nh5 5. Bc4 d5 6. Be2 g6 7. O-O Bg7 8. d4
Bg4 9. c4 dxc4 10. Bxc4 O-O 11. Nbd2 Nc6 12. Nb3 Bxf3 13. gxf3 Qg5+ 14. Kh1
Rad8 15. e6 fxe6 16. Bxe6+ Kh8 17. Rg1 Qh4 18. Rg4 Qe7 19. Bc4 Nxd4 20. Qf1 Nc6
21. Bd2 Ne5 22. Re1 Qd6 23. Rh4 Qf6 24. Rh3 Nxc4 25. Qxc4 Qxb2 26. Bb4 Rfe8 27.
Qxc7 Rxe1+ 28. Bxe1 Re8 29. Bd2 Qxa2 30. Qf7 Qb1+ 31. Nc1 Qb5 32. Kg2 Re2+ 33.
Nxe2 Qxe2+ 0-1

[Event "Veletrzni turnaj 2018"]
[Site "Střední škola informatiky,"]
[Date "2018.08.28"]
[Round "4.5"]
[White "Hruza, Dominik"]
[Black "Meszaros, Ludek"]
[Result "1-0"]
[WhiteElo "1877"]
[BlackElo "2134"]
[PlyCount "81"]
[EventDate "2018.08.26"]
[SourceDate "2018.08.29"]

1. e4 c5 2. c3 d6 3. d4 Nf6 4. dxc5 Nc6 5. f3 d5 6. exd5 Nxd5 7. Bc4 e6 8. Bxd5
exd5 9. Be3 Be7 10. Ne2 O-O 11. O-O Re8 12. Nd2 Bg5 13. Bf2 Qe7 14. Re1 Be3 15.
Nd4 Bxf2+ 16. Kxf2 Qh4+ 17. Kg1 Bd7 18. Nxc6 bxc6 19. Nb3 g5 20. Nd4 f5 21. Qd2
f4 22. Qf2 Qh6 23. Rxe8+ Rxe8 24. Re1 Rf8 25. Re7 Rf7 26. Qe2 Qg6 27. Rxf7 Kxf7
28. Qc2 Qg7 29. Qd2 h5 30. b4 a6 31. a4 Qf6 32. Qd3 Kg7 33. Qxa6 g4 34. Qd3 Qh4
35. Qe2 Qf6 36. a5 gxf3 37. Nxf3 Qg6 38. a6 Qb1+ 39. Qe1 Qa2 40. Qe7+ Kg8 41.
Qd8+ 1-0

[Event "Veletrzni turnaj 2018"]
[Site "Střední škola informatiky,"]
[Date "2018.08.28"]
[Round "4.7"]
[White "Mouryc, Tomas"]
[Black "Senasi, Martin"]
[Result "0-1"]
[WhiteElo "1995"]
[BlackElo "1854"]
[PlyCount "104"]
[EventDate "2018.08.26"]
[SourceDate "2018.08.29"]

1. c4 Nf6 2. Nc3 c5 3. Nf3 e6 4. g3 b6 5. Bg2 Bb7 6. O-O Be7 7. d4 cxd4 8. Qxd4
O-O 9. Bf4 d6 10. Qd2 Qc8 11. b3 Rd8 12. Rac1 Na6 13. Rfd1 Nc5 14. Ne1 Nfe4 15.
Nxe4 Nxe4 16. Qd3 f5 17. f3 Nc5 18. Qd2 h6 19. b4 e5 20. Be3 Ne6 21. Bh3 Ng5
22. Bg2 Qe6 23. Bxg5 hxg5 24. e4 fxe4 25. fxe4 Rac8 26. Qd3 g4 27. Bf1 Rf8 28.
Rc2 Qg6 29. Bg2 Rf7 30. Qe2 Rcf8 31. Nd3 Rf3 32. Re1 Bg5 33. Bxf3 gxf3 34. Qd1
Bxe4 35. Rxe4 Qxe4 36. Nf2 Be3 37. Qd5+ Qxd5 38. cxd5 e4 39. Kf1 Re8 40. Ng4
Bd4 41. Rc4 Bb2 42. a4 a5 43. Kf2 axb4 44. Rxb4 Ba3 45. Rc4 Bc5+ 46. Ne3 Kf7
47. h4 Kf6 48. Rc3 g5 49. hxg5+ Ke5 50. Rc1 Rg8 51. Rh1 Rxg5 52. Rh8 Kd4 0-1

[Event "Veletrzni turnaj 2018"]
[Site "Střední škola informatiky, "]
[Date "2018.08.28"]
[Round "4.8"]
[White "Pokladnik, Martin"]
[Black "Pavlik, Vladimir"]
[Result "1/2-1/2"]
[WhiteElo "1957"]
[BlackElo "1843"]
[PlyCount "108"]
[EventDate "2018.08.26"]

1. e4 c5 2. Nf3 Nc6 3. d4 cxd4 4. Nxd4 g6 5. c4 Bg7 6. Be3 Nf6 7. Nc3 Ng4 8.
Qxg4 Nxd4 9. Qd1 Ne6 10. Bd3 O-O 11. Rc1 b6 12. O-O Bb7 13. b4 Rc8 14. f4 Ba6
15. Nd5 f5 16. exf5 gxf5 17. Qh5 Nd4 18. Qg5 Kh8 19. Qxe7 Qxe7 20. Nxe7 Rce8
21. Nd5 Bb7 22. Rfe1 Ne6 23. Kf2 Rf7 24. Nc3 Bf8 25. Rb1 Rc8 26. Rec1 Be4 27.
Bxe4 fxe4 28. Ne2 Bh6 29. g3 Bg7 30. c5 bxc5 31. Bxc5 d5 32. Ke3 Rb7 33. Rd1
Nxc5 34. bxc5 Rxb1 35. Rxb1 Bf8 36. Kd4 Bxc5+ 37. Kxd5 Bb6 38. Kxe4 Rc2 39. Kf3
Rxa2 40. Rb3 Kg7 41. g4 Ra1 42. Ng3 Bg1 43. Rb7+ Kg8 44. Ne2 Bc5 45. g5 a5 46.
Ke4 Re1 47. Kd3 Rh1 48. Kc4 Bb4 49. Nd4 Rxh2 50. Ne6 Rf2 51. Rg7+ Kh8 52. Ra7
Kg8 53. Rg7+ Kh8 54. Ra7 Kg8 1/2-1/2

[Event "Veletrzni turnaj 2018"]
[Site "Střední škola informatiky, "]
[Date "2018.08.28"]
[Round "4.9"]
[White "Kosina, Vladimir"]
[Black "Marsa, Alexandr"]
[Result "0-1"]
[WhiteElo "1705"]
[BlackElo "1910"]
[PlyCount "82"]
[EventDate "2018.08.26"]

1. e4 e6 2. d4 d5 3. Nd2 Be7 4. Ngf3 Nf6 5. Bd3 c5 6. c3 cxd4 7. Nxd4 e5 8.
N4f3 Nc6 9. O-O Bg4 10. Re1 d4 11. Bb5 dxc3 12. bxc3 Qa5 13. Bxc6+ bxc6 14. Qc2
Nd7 15. Nb3 Qa4 16. Nfd2 O-O 17. f3 Be6 18. Bb2 Rab8 19. Reb1 Rfd8 20. Bc1 Nc5
21. h3 Nd3 22. Kh2 Bg5 23. g3 c5 24. h4 Bh6 25. c4 Rb6 26. Qc3 Rbd6 27. Nf1
Bxc1 28. Nxc1 Qxc4 29. Qxc4 Bxc4 30. Ne3 Be6 31. Ne2 Nb4 32. a3 Rd2 33. Re1 Nd3
34. Nf1 Nxe1 35. Nxd2 Rxd2 36. Rxe1 Bc4 37. Kh3 Bxe2 38. Kg4 g6 39. Rh1 Kg7 40.
h5 gxh5+ 41. Kxh5 Bxf3+ 0-1

[Event "Veletrzni turnaj 2018"]
[Site "Střední škola informatiky, "]
[Date "2018.08.28"]
[Round "4.10"]
[White "Dumkova, Daniela"]
[Black "Glozar, Petr"]
[Result "1/2-1/2"]
[WhiteElo "1953"]
[BlackElo "1831"]
[PlyCount "118"]
[EventDate "2018.08.26"]

1. d4 Nf6 2. c4 c5 3. Nf3 g6 4. g3 cxd4 5. Nxd4 Nc6 6. Bg2 Bg7 7. Nc3 O-O 8.
O-O Qb6 9. Ndb5 a6 10. Na3 d6 11. e4 Bg4 12. Nd5 Nxd5 13. Qxg4 Ne5 14. Qe2 Nb4
15. Be3 Qc7 16. Bd4 Nf3+ 17. Qxf3 Bxd4 18. Qb3 Nc6 19. Rac1 Rfc8 20. Nc2 Bg7
21. Ne3 Nd4 22. Qd3 e6 23. b3 Rab8 24. f4 b5 25. f5 exf5 26. exf5 Nxf5 27. Nxf5
gxf5 28. Bd5 bxc4 29. Rxc4 Qa7+ 30. Kh1 Rxc4 31. Bxc4 Rb7 32. Qxd6 Rd7 33. Qxa6
Qxa6 34. Bxa6 Ra7 35. Bc4 Rxa2 36. Rxf5 Ra7 37. g4 Bc3 38. h4 Kg7 39. g5 f6 40.
gxf6+ Bxf6 41. h5 Bc3 42. Kg2 Ra5 43. Rf7+ Kh6 44. Be2 Ra3 45. Rb7 Ra2 46. Kf2
Bd4+ 47. Kf3 Rb2 48. Bd1 Rd2 49. Be2 Kxh5 50. Rxh7+ Kg6 51. Rb7 Kf6 52. Ke4 Bg1
53. Bc4 Rd4+ 54. Kf3 Rd2 55. b4 Ke5 56. b5 Rf2+ 57. Kg3 Rb2 58. Bf7 Kd6 59. Be8
Kc5 1/2-1/2

[Event "Veletrzni turnaj 2018"]
[Site "Střední škola informatiky, "]
[Date "2018.08.28"]
[Round "4.11"]
[White "Wunsch, Radek"]
[Black "Stehlik, Jiri"]
[Result "0-1"]
[WhiteElo "1827"]
[BlackElo "1947"]
[PlyCount "82"]
[EventDate "2018.08.26"]

1. e4 d6 2. d4 Nf6 3. Nc3 g6 4. f4 Bg7 5. Nf3 O-O 6. Be3 b6 7. Qd2 Bb7 8. Bd3
e6 9. O-O-O Na6 10. e5 Nd5 11. Nxd5 exd5 12. g4 dxe5 13. fxe5 Qe7 14. h4 Nb4
15. a3 Nxd3+ 16. Qxd3 f6 17. h5 g5 18. h6 Bh8 19. Rh5 Rf7 20. exf6 Bxf6 21.
Bxg5 Qe4 22. Bxf6 Rxf6 23. Ne5 Qxd3 24. Rxd3 Raf8 25. Rg5+ Kh8 26. Rg7 Rxh6 27.
Rxc7 Ba6 28. Rf3 Rh1+ 29. Kd2 Rh2+ 30. Kc3 Rxf3+ 31. Nxf3 Rh3 32. Rf7 Be2 33.
Rxa7 Bxf3 34. Kb4 Bxg4 35. c4 dxc4 36. d5 Rb3+ 37. Kxc4 Rxb2 38. d6 Rd2 39. Kb5
Rxd6 40. Rb7 Be2+ 41. Kb4 h5 0-1

[Event "Veletrzni turnaj 2018"]
[Site "Střední škola informatiky, "]
[Date "2018.08.28"]
[Round "4.12"]
[White "Dirgas, Josef"]
[Black "Volak, Simon"]
[Result "1-0"]
[WhiteElo "2067"]
[BlackElo "1803"]
[PlyCount "53"]
[EventDate "2018.08.26"]

1. d4 Nf6 2. Nf3 e6 3. e3 b6 4. Be2 Bb7 5. O-O Be7 6. c4 O-O 7. Nc3 d5 8. b3 c5
9. dxc5 Bxc5 10. Bb2 Qe7 11. a3 Rd8 12. b4 Bd6 13. Nb5 dxc4 14. Qc2 Nc6 15.
Nxd6 Rxd6 16. Bxc4 a6 17. Ng5 h6 18. Bxf6 Qxf6 19. Qh7+ Kf8 20. Ne4 Qd8 21.
Nxd6 Qxd6 22. Rad1 Qc7 23. Qh8+ Ke7 24. Qxg7 Ne5 25. Be2 Qc6 26. f4 Ng6 27. Bf3
1-0

[Event "Veletrzni turnaj 2018"]
[Site "Střední škola informatiky, "]
[Date "2018.08.28"]
[Round "4.13"]
[White "Vanicek, Jan"]
[Black "Straka, Vojtech"]
[Result "0-1"]
[WhiteElo "1721"]
[BlackElo "1977"]
[PlyCount "93"]
[EventDate "2018.08.26"]

1. d4 c6 2. e4 d5 3. e5 e6 4. Nf3 c5 5. c3 Nc6 6. Bb5 a6 7. Ba4 Bd7 8. O-O Qb6
9. Na3 cxd4 10. cxd4 Bxa3 11. bxa3 Nge7 12. Bg5 Nf5 13. Rb1 Qc7 14. Qd3 Nxe5
15. Nxe5 Bxa4 16. Rfc1 Bc6 17. Bf4 Qc8 18. Rb6 Ne7 19. Qb3 O-O 20. Nxc6 bxc6
21. Bd6 Qd7 22. Qb4 Nc8 23. Rbxc6 Nxd6 24. Rxd6 Rac8 25. Rxc8 Rxc8 26. g3 Qc7
27. Qb6 Qxb6 28. Rxb6 Kf8 29. Rxa6 Rc4 30. Ra7 Rxd4 31. Kf1 Rd2 32. a4 Rxa2 33.
a5 d4 34. Ke1 d3 35. a6 Re2+ 36. Kd1 g6 37. Rb7 Ra2 38. a7 Kg7 39. f4 Kf6 40.
g4 h6 41. h3 g5 42. fxg5+ hxg5 43. Rd7 Ke5 44. Rxf7 Ke4 45. Rc7 Ke3 46. Rc1
Rxa7 47. Rb1 0-1

[Event "Veletrzni turnaj 2018"]
[Site "Střední škola informatiky, "]
[Date "2018.08.28"]
[Round "4.14"]
[White "Macurek, Miloslav"]
[Black "Khadash, Kamil"]
[Result "0-1"]
[WhiteElo "1850"]
[BlackElo "1701"]
[PlyCount "112"]
[EventDate "2018.08.26"]

1. e4 c6 2. Nc3 d5 3. Nf3 Bg4 4. h3 Bh5 5. d3 e6 6. g4 Bg6 7. h4 h5 8. g5 Bb4
9. exd5 cxd5 10. Bd2 Ne7 11. d4 Nbc6 12. Ne2 Bd6 13. Bf4 Qc7 14. Bxd6 Qxd6 15.
Ng3 Qb4+ 16. c3 Qxb2 17. Qc1 Qb6 18. Be2 Rc8 19. Qe3 Qa5 20. O-O Nf5 21. Nxf5
Bxf5 22. Ne5 Ne7 23. c4 f6 24. Nd3 dxc4 25. Nf4 Kf7 26. Rfe1 Nd5 27. Nxd5 Qxd5
28. Bf3 Qd7 29. Rac1 b5 30. a3 Rcd8 31. Red1 a6 32. Bg2 Qd6 33. f4 Bd3 34. d5
exd5 35. f5 Qe5 36. Qa7+ Qe7 37. g6+ Kf8 38. Qxa6 Qc5+ 39. Kh1 Bxf5 40. Rxd5
Rxd5 41. Qa8+ Bc8 42. Bxd5 Ke7 43. Bg2 f5 44. Qf3 Qe5 45. Qf2 Kf6 46. Re1 Qd6
47. Qe3 Kxg6 48. Qg5+ Kf7 49. Bf3 g6 50. Qe3 Be6 51. Qa7+ Qd7 52. Qb6 Re8 53.
Rd1 Qe7 54. Qf2 Qxa3 55. Bc6 Qh3+ 56. Kg1 Qg4+ 0-1

[Event "Veletrzni turnaj 2018"]
[Site "Střední škola informatiky, "]
[Date "2018.08.28"]
[Round "4.15"]
[White "Pelikan, Jaromir"]
[Black "Dvorakova, Olga"]
[Result "1/2-1/2"]
[WhiteElo "1813"]
[BlackElo "1626"]
[PlyCount "93"]
[EventDate "2018.08.26"]

1. d4 Nf6 2. Bf4 e6 3. Nf3 b6 4. e3 Bb7 5. Nbd2 Be7 6. c3 O-O 7. Bd3 c5 8. h3
Nc6 9. O-O Rc8 10. Re1 d6 11. Ne4 Nh5 12. Bg5 f6 13. Bh4 f5 14. Bxe7 Qxe7 15.
Ned2 f4 16. e4 e5 17. d5 Nb8 18. Nc4 Nd7 19. Qa4 a6 20. Qd1 Nhf6 21. Ng5 Nxd5
22. Qh5 N5f6 23. Qd1 h6 24. Nf3 Nh7 25. Nxd6 Rc7 26. Nxb7 Rxb7 27. Bxa6 Ra7 28.
Qd5+ Kh8 29. Bb5 Ng5 30. Nh2 f3 31. Bf1 Nf6 32. Qc4 b5 33. Qd3 c4 34. Qe3 Nfxe4
35. h4 fxg2 36. Bxg2 Nxf2 37. hxg5 Nd3 38. Rf1 Rf4 39. Rxf4 exf4 40. Qxe7 Rxe7
41. gxh6 gxh6 42. Kf1 Nxb2 43. Rb1 Nd3 44. Nf3 Ra7 45. Ra1 Ra3 46. Nd4 b4 47.
cxb4 1/2-1/2

[Event "Veletrzni turnaj 2018"]
[Site "Střední škola informatiky, "]
[Date "2018.08.28"]
[Round "4.16"]
[White "Bauer, Miroslav"]
[Black "Haupt, Jaromir"]
[Result "1/2-1/2"]
[WhiteElo "1610"]
[BlackElo "1795"]
[PlyCount "107"]
[EventDate "2018.08.26"]

1. e4 d6 2. d4 Nf6 3. Nc3 g6 4. f4 Bg7 5. e5 Nfd7 6. Nf3 c5 7. Bc4 Nb6 8. Bb5+
Bd7 9. e6 fxe6 10. Bxd7+ Qxd7 11. dxc5 Na4 12. Nxa4 Qxa4 13. cxd6 Qe4+ 14. Kf2
Qb4 15. dxe7 Kxe7 16. Re1 Nc6 17. Qe2 Nd4 18. Nxd4 Bxd4+ 19. Be3 Rhf8 20. g3 g5
21. c3 Bxe3+ 22. Qxe3 Qd6 23. Kf3 Rad8 24. Rad1 gxf4 25. gxf4 Qc6+ 26. Qe4 e5
27. Qxc6 Rxf4+ 28. Ke3 bxc6 29. Rxd8 Kxd8 30. Kd3 Rf5 31. Re2 Ke7 32. Kc4 Kd6
33. Rd2+ Kc7 34. b4 Rf4+ 35. Kc5 Rf3 36. c4 Rf6 37. a4 a6 38. Re2 Rf5 39. Re4
Rh5 40. h4 Rf5 41. b5 axb5 42. cxb5 cxb5 43. axb5 Kb7 44. Kd5 Rh5 45. Rxe5 Rxh4
46. Kc5 Rh1 47. Re7+ Kc8 48. Kb6 h6 49. Ka7 Rg1 50. Ka8 Rb1 51. Rb7 h5 52. b6
h4 53. Rc7+ Kd8 54. b7 1/2-1/2

[Event "Veletrzni turnaj 2018"]
[Site "Střední škola informatiky, "]
[Date "2018.08.28"]
[Round "4.17"]
[White "Habinova, Alice"]
[Black "Vavrinkova, Eliska"]
[Result "0-1"]
[WhiteElo "1396"]
[BlackElo "1783"]
[PlyCount "46"]
[EventDate "2018.08.26"]

1. e4 c6 2. d4 d5 3. exd5 cxd5 4. c4 e6 5. Nc3 Nf6 6. Nf3 Be7 7. Bf4 O-O 8. Bd3
dxc4 9. Bxc4 a6 10. O-O Nc6 11. a3 b5 12. Ba2 Bb7 13. Rc1 Rc8 14. Qd3 Qb6 15.
h3 Rfd8 16. Be3 Na7 17. Ng5 h6 18. Nge4 Nd5 19. Bb1 Nxe3 20. fxe3 f5 21. Ng3
Qc6 22. Qc2 Bg5 23. Qf2 Bxe3 0-1

[Event "Veletrzni turnaj 2018"]
[Site "Střední škola informatiky, "]
[Date "2018.08.28"]
[Round "4.18"]
[White "Mares, Jaroslav"]
[Black "Neduchal, Jiri"]
[Result "1/2-1/2"]
[WhiteElo "2029"]
[BlackElo "1770"]
[PlyCount "59"]
[EventDate "2018.08.26"]

1. c4 c5 2. Nc3 Nc6 3. g3 g6 4. Bg2 Bg7 5. e4 e6 6. Nge2 Nge7 7. O-O O-O 8. d3
Nd4 9. Rb1 Nec6 10. a3 a5 11. Nxd4 Nxd4 12. b4 axb4 13. axb4 Nc6 14. Na4 cxb4
15. Be3 d6 16. c5 dxc5 17. Bxc5 Re8 18. Bb6 Qg5 19. Be3 Qb5 20. Nb6 Ra6 21. Nc4
Nd4 22. f4 Rd8 23. e5 Bf8 24. h4 Qa4 25. Qxa4 Rxa4 26. Bxd4 Rxd4 27. Nb6 Bd7
28. Nxa4 Bxa4 29. Bxb7 Bc2 30. Ba6 1/2-1/2